| 000 | 00449nam a2200181Ia 4500 | ||
|---|---|---|---|
| 005 | 20230609100433.0 | ||
| 008 | 131103s9999 xx 000 0 und d | ||
| 040 | _aLoreto College | ||
| 041 | _aEnglish | ||
| 082 |
_a808.8 _bHAY |
||
| 245 |
_aTraverse plays _cEdited by Jim Haynes |
||
| 260 |
_aLondon _bPenguin Books _c1966 |
||
| 300 | _a190p. | ||
| 650 | _aDrama - Collections | ||
| 700 | _aHaynes, Jim; ed. | ||
| 850 | _aLCLIB | ||
| 942 | _cBK | ||
| 999 |
_c21139 _d71618 |
||